000
00230 a2200097 4500
001
14774
100
_a
Abrahamian
245
_a
Iran between two revolutions
260
_a
New Jersey
_b
Princeton Univ press
_c
090
_c
11553
_d
11553
942
_a
NUST-CAE
_c
M
_c
1729
999
_c
249847
_d
249847